000 00512nam a2200205Ia 4500
003 OSt
005 20260427125232.0
020 _a0-13-008213-9
040 _cLIBRARY OF CONGRESS
050 _aHF5635.H37 2000
100 _aHARRISON, WALTER T.
245 0 _aFINANCIAL ACCOUNTING
250 _a5
260 _aNEW JERSEY
_bPEARSON EDUCATION, INC,
_c2000
300 _aXII,726P.:ILL
500 _aINCLUDES INDEX
600 _aFINANCIAL ACCOUNTING
700 _aHORNGREN, CHARLES T.
942 _cBK
_2lcc
_n0
999 _c217053
_d217053